00901 2200205 4500245006400000020002200064250001100086100001900097700002300116700001800139700001100157650001400168005001900182260003700201041001400238084001100252300002300263500040000286336000900686 aAnarkisme Masyarakat di Era DemokrasicHenny WarsilahhText a978-602-8608-78-7 aCet. 1 aHenny Warsilah aDewi Fortuna Anwar aRusydi Syahra aKatubi aAnarkisme a20240506102904 aJakartabGading Inti Primac2012 aIndonesia a320.57 a188 hlm. :c21 cm. aProses demokratis di daerah ditandai dengan konflik dan berujung pada maraknya perilaku anarkis seperti terjadi di Medan-Sumatera Utara, menyebabkan meninggalnya Ketua DPRD Sumatera Utara. Begitupun peristiwa politik, pemilihan Kepala Daerah di Kabupaten Mamasa. Makassar, berakhir dengan konflik berlatar belakang etnis dan agama, dan menelan korban jiwa dan di Kendari hal serupa juga terjadi. atext